| 000 | 00516nam a2200169Ia 4500 | ||
|---|---|---|---|
| 003 | IN-BaIIA | ||
| 008 | 211028s9999 xx 000 0 eng d | ||
| 040 | _cIIA Library | ||
| 080 |
_a523 _bCAM |
||
| 100 |
_aCameron, A. G. W _98280 |
||
| 245 | 0 |
_aPhysics of the solar system _bbased on a course of lectures given at Yale University, 1963-1964 _cA. G. W. Cameron |
|
| 260 |
_aConnecticut, U.S.A _bYale University Press _c1964 |
||
| 300 | _a490p. | ||
| 650 |
_aAstrophysics _9794 |
||
| 650 | _aSolar system | ||
| 942 | _cBK | ||
| 999 |
_c4677 _d4677 |
||